[Event "Spring on Petrograd Side"]
[Site "St Petersburg"]
[Date "2007.04.12"]
[Round "4"]
[White "Kuzmin, Yuriy"]
[Black "Znamensky, Vladimir"]
[Result "0-1"]
[WhiteElo "2138"]
[BlackElo "2369"]
[PlyCount "70"]
[EventDate "2007.04.09"]
[EventType "swiss"]
[EventRounds "9"]
[EventCountry "RUS"]
[SourceTitle "EXT 2008"]
[Source "ChessBase"]
[SourceDate "2007.11.25"]
[SourceVersion "1"]
[SourceVersionDate "2007.11.25"]
[SourceQuality "1"]

1. d4 d5 2. c4 c6 3. Nf3 Nf6 4. Nc3 Qb6 5. c5 Qc7 6. g3 Bf5 7. Bf4 Qc8 8. Bg2 h6 9. 0-0 g5 10. Bxb8 Rxb8 11. Qa4 a6 12. Ne5 e6 13. Rfe1 Bg7 14. e4 dxe4 15. Nc4 0-0 16. Nd6 Qd7 17. Ncxe4 Bxe4 18. Bxe4 Ne8 19. d5 exd5 20. Bxd5 Nxd6 21. cxd6 Qxd6 22. Bb3 Bd4 23. Rad1 c5 24. Bc2 Qf6 25. Re2 b5 26. Qb3 c4 27. Qb4 Rbe8 28. Red2 Bxb2 29. Qc5 Re5 30. Qc7 Re7 31. Qc5 Rfe8 32. Rd8 Kg7 33. R1d6 Qf3 34. Rxe8 Rxe8 35. Rd1 Re2 0-1

[Event "Spring on Petrograd Side"]
[Site "St Petersburg"]
[Date "2007.04.09"]
[Round "1"]
[White "Znamensky, Vladimir"]
[Black "Gantsevich, Aleksei"]
[Result "1-0"]
[WhiteElo "2369"]
[BlackElo "1985"]
[PlyCount "95"]
[EventDate "2007.04.09"]
[EventType "swiss"]
[EventRounds "9"]
[EventCountry "RUS"]
[SourceTitle "EXT 2008"]
[Source "ChessBase"]
[SourceDate "2007.11.25"]
[SourceVersion "1"]
[SourceVersionDate "2007.11.25"]
[SourceQuality "1"]

1. d4 Nf6 2. Nf3 g6 3. c3 Bg7 4. Bf4 d6 5. h3 Nbd7 6. e3 0-0 7. Bc4 h6 8. 0-0 a6 9. a4 b6 10. Nbd2 Bb7 11. Bh2 Ne4 12. Qb3 Nxd2 13. Nxd2 e5 14. f4 exd4 15. exd4 Nf6 16. Rae1 Qd7 17. Bd3 Kh8 18. c4 Rae8 19. d5 Rxe1 20. Rxe1 Re8 21. Rb1 Qe7 22. Nf1 Ne4 23. Bxe4 Qxe4 24. Rd1 Bc8 25. Bg3 Bd7 26. Kh2 Qe2 27. Re1 Qxb2 28. Rxe8+ Bxe8 29. Qe3 Bxa4 30. Qe7 Qf6 31. Qxc7 g5 32. Qc8+ Kh7 33. f5 a5 34. Ne3 Qe7 35. f6 Bxf6 36. Nf5 Qd7 37. Nxd6 Qxc8 38. Nxc8 b5 39. c5 b4 40. Nb6 Bc2 41. c6 Bf5 42. d6 b3 43. Nd5 Bd4 44. d7 b2 45. d8Q b1Q 46. Nf6+ Bxf6 47. Qxf6 Be6 48. Be5 1-0

[Event "St Petersburg Winter op"]
[Site "St Petersburg"]
[Date "2007.02.02"]
[Round "5"]
[White "Yankovsky, Roman"]
[Black "Znamensky, Vladimir"]
[Result "1/2-1/2"]
[WhiteElo "2164"]
[BlackElo "2364"]
[PlyCount "77"]
[EventDate "2007.01.29"]
[EventType "swiss"]
[EventRounds "9"]
[EventCountry "RUS"]
[SourceTitle "EXT 2008"]
[Source "ChessBase"]
[SourceDate "2007.11.25"]
[SourceVersion "1"]
[SourceVersionDate "2007.11.25"]
[SourceQuality "1"]

1. e4 c6 2. d4 d5 3. Nc3 dxe4 4. Nxe4 Bf5 5. Ng3 Bg6 6. h4 h6 7. Nf3 Nd7 8. h5 Bh7 9. Bd3 Bxd3 10. Qxd3 Ngf6 11. Bf4 Qa5+ 12. Bd2 Qc7 13. Qe2 e6 14. 0-0-0 0-0-0 15. Ne5 Nxe5 16. dxe5 Nd7 17. f4 Be7 18. Ne4 Nc5 19. Nxc5 Bxc5 20. Bc3 Rxd1+ 21. Rxd1 Rd8 22. Rf1 Qd7 23. Kb1 Qd5 24. a3 Rd7 25. g4 Be7 26. Rg1 Bc5 27. Re1 Be7 28. Qe3 b6 29. g5 Qg2 30. gxh6 gxh6 31. Rg1 Qh2 32. Rg8+ Rd8 33. Rxd8+ Bxd8 34. Qf3 Kb7 35. f5 exf5 36. Qxf5 Qh1+ 37. Ka2 Qd5+ 38. b3 Bg5 39. Bb2 1/2-1/2

[Event "St Petersburg Winter op"]
[Site "St Petersburg"]
[Date "2007.02.01"]
[Round "4"]
[White "Znamensky, Vladimir"]
[Black "Korchagina, Victoria"]
[Result "1-0"]
[WhiteElo "2364"]
[BlackElo "2123"]
[PlyCount "111"]
[EventDate "2007.01.29"]
[EventType "swiss"]
[EventRounds "9"]
[EventCountry "RUS"]
[SourceTitle "EXT 2008"]
[Source "ChessBase"]
[SourceDate "2007.11.25"]
[SourceVersion "1"]
[SourceVersionDate "2007.11.25"]
[SourceQuality "1"]

1. d4 Nf6 2. Nf3 g6 3. Bf4 Bg7 4. c3 d6 5. h3 0-0 6. Nbd2 Nbd7 7. e3 Qe8 8. Bh2 e5 9. Qb3 b6 10. a4 a6 11. Bc4 Bb7 12. 0-0 Qe7 13. Qa3 e4 14. Ne1 Kh8 15. Nc2 Nh5 16. Be2 Qg5 17. f4 exf3 18. Bxf3 Bxf3 19. Nxf3 Qe7 20. Qb3 f5 21. Rae1 Nhf6 22. Qc4 Rfc8 23. Nb4 Ne4 24. Nd5 Qe6 25. Nxb6 d5 26. Qxd5 Qxb6 27. Qxd7 Qxb2 28. Ne5 Qb3 29. c4 Nd6 30. c5 Ne4 31. Bf4 Nf6 32. Qc6 Qd5 33. Bg5 Qxc6 34. Nxc6 Ne4 35. Bf4 a5 36. Rc1 Re8 37. Rfd1 Bf6 38. d5 Nc3 39. Rxc3 Bxc3 40. Bxc7 Rxe3 41. d6 Bf6 42. d7 Rc3 43. d8Q+ Bxd8 44. Be5+ Kg8 45. Bxc3 Bg5 46. Kf2 Rc8 47. Rd6 Re8 48. Bd4 Re4 49. g3 f4 50. Kf3 Re1 51. gxf4 Rf1+ 52. Ke4 Rxf4+ 53. Kd5 Rf3 54. Ne5 Rf8 55. c6 Bd8 56. Rd7 1-0

[Event "St Petersburg Winter op"]
[Site "St Petersburg"]
[Date "2007.01.29"]
[Round "1"]
[White "Kopasov, Alexander"]
[Black "Znamensky, Vladimir"]
[Result "0-1"]
[WhiteElo "2043"]
[BlackElo "2364"]
[PlyCount "128"]
[EventDate "2007.01.29"]
[EventType "swiss"]
[EventRounds "9"]
[EventCountry "RUS"]
[SourceTitle "EXT 2008"]
[Source "ChessBase"]
[SourceDate "2007.11.25"]
[SourceVersion "1"]
[SourceVersionDate "2007.11.25"]
[SourceQuality "1"]

1. d4 d5 2. c4 c6 3. cxd5 cxd5 4. Nc3 Nc6 5. Bf4 a6 6. e3 Nf6 7. Bd3 Bg4 8. f3 Bh5 9. Nge2 e6 10. 0-0 Bg6 11. Rc1 Nh5 12. Na4 Nxf4 13. Nxf4 Bd6 14. Nc5 Qb6 15. Nxg6 hxg6 16. f4 Bxc5 17. Rxc5 Qxb2 18. Qb1 Qxb1 19. Rxb1 Nd8 20. e4 dxe4 21. Bxe4 Rb8 22. Bd3 Rh5 23. Bxa6 Rxc5 24. dxc5 Kd7 25. Bb5+ Kc7 26. Kf2 Nc6 27. Ke3 Ne7 28. Rb3 Rh8 29. h3 Nd5+ 30. Kf3 Rh5 31. Bc4 Ne7 32. Rb5 Nc6 33. Ke4 Rh4 34. Bf1 Rh5 35. Bc4 Kc8 36. Ke3 Kb8 37. Ke4 Kc7 38. Ke3 Rh8 39. Rb3 Rd8 40. Rd3 Ra8 41. Rc3 Ra5 42. Bb3 Nb4 43. Rc1 Na6 44. Kd4 Kc6 45. g4 Nxc5 46. f5 gxf5 47. gxf5 Kd6 48. fxe6 fxe6 49. Rg1 g5 50. Kc4 Ne4 51. Kd4 Nd2 52. Rg4 Rf5 53. Kd3 Nf3 54. Ke3 Ne5 55. Rb4 b5 56. Ke2 Nc6 57. Rg4 Kc5 58. Kd2 Nd4 59. Re4 e5 60. Bg8 Kd6 61. Bb3 Rf3 62. h4 Rf4 63. Rxf4 Nxb3+ 64. axb3 gxf4 0-1

[Event "St Petersburg Autumn op"]
[Site "St Petersburg"]
[Date "2005.11.03"]
[Round "6"]
[White "Znamensky, Vladimir"]
[Black "Gnidenko, Andrey"]
[Result "1/2-1/2"]
[WhiteElo "2353"]
[BlackElo "2049"]
[PlyCount "132"]
[EventDate "2005.10.29"]
[EventType "swiss"]
[EventRounds "9"]
[EventCountry "RUS"]
[SourceTitle "EXT 2006"]
[Source "ChessBase"]
[SourceDate "2005.11.24"]
[SourceVersion "1"]
[SourceVersionDate "2005.11.24"]
[SourceQuality "1"]

1. d4 Nf6 2. Nf3 g6 3. Bf4 Bg7 4. e3 0-0 5. h3 d6 6. Bc4 Nbd7 7. Nbd2 c5 8. c3 Rb8 9. a4 Ne8 10. 0-0 Nc7 11. b4 cxb4 12. cxb4 b5 13. axb5 Nxb5 14. Qb3 a6 15. Ng5 Qe8 16. Ra5 Nb6 17. Bd3 Bb7 18. Be4 Qd7 19. Bg3 Rbc8 20. Rfa1 Rc3 21. Qd1 d5 22. Bb1 Rfc8 23. Nb3 R8c4 24. Qf3 Qe8 25. Rxb5 axb5 26. Na5 Bxd4 27. Kh2 Bf6 28. Nxb7 Bxg5 29. Ra6 Rxb4 30. Ba2 Ra4 31. Rxb6 Rxa2 32. Qxd5 Bxe3 33. fxe3 Rcc2 34. Nc5 Rxg2+ 35. Qxg2 Rxg2+ 36. Kxg2 Qa8+ 37. e4 Qa2+ 38. Bf2 Qc4 39. Rb7 Kf8 40. Rb8+ Kg7 41. Rb7 e5 42. Kf3 Qf1 43. h4 h5 44. Ne6+ Kg8 45. Rb8+ Kh7 46. Ng5+ Kg7 47. Rb7 Qc4 48. Rxf7+ Kg8 49. Rf6 b4 50. Rxg6+ Kf8 51. Bc5+ Ke8 52. Re6+ Kd7 53. Re7+ Kc6 54. Bxb4 Qxb4 55. Rxe5 Qe1 56. Kf4 Qxh4+ 57. Kf5 Qg4+ 58. Kg6 h4 59. Re8 h3 60. Rh8 Kd6 61. Rxh3 Ke5 62. Rd3 Kf4 63. Rd5 Qc8 64. Rf5+ Kg4 65. Rf7 Qg8+ 66. Rg7 Qxg7+ 1/2-1/2

[Event "St Petersburg Autumn op"]
[Site "St Petersburg"]
[Date "2005.10.31"]
[Round "3"]
[White "Pankov, German"]
[Black "Znamensky, Vladimir"]
[Result "0-1"]
[WhiteElo "2270"]
[BlackElo "2353"]
[PlyCount "142"]
[EventDate "2005.10.29"]
[EventType "swiss"]
[EventRounds "9"]
[EventCountry "RUS"]
[SourceTitle "EXT 2006"]
[Source "ChessBase"]
[SourceDate "2005.11.24"]
[SourceVersion "1"]
[SourceVersionDate "2005.11.24"]
[SourceQuality "1"]

1. d4 d5 2. c4 e6 3. Nf3 Be7 4. g3 Nf6 5. Bg2 0-0 6. 0-0 Nbd7 7. Qc2 c6 8. Nbd2 b6 9. b3 Bb7 10. Bb2 Rc8 11. Rfd1 Qc7 12. Rac1 Qb8 13. e4 Rfd8 14. Qb1 Qa8 15. e5 Ne8 16. cxd5 cxd5 17. Ne1 Ba6 18. f4 g6 19. Nf1 Ng7 20. Ne3 Bb5 21. N1c2 Nb8 22. Ba3 Nc6 23. Bxe7 Nxe7 24. Ng4 Nh5 25. Nf2 a5 26. Bf3 Ng7 27. Ne3 Qa6 28. Qb2 a4 29. Nfg4 Ngf5 30. Nf6+ Kg7 31. Nxf5+ Nxf5 32. g4 Nh4 33. Bh1 Be2 34. Rxc8 Rxc8 35. Re1 Nf3+ 36. Bxf3 Bxf3 37. Re3 Be4 38. Nxe4 dxe4 39. f5 axb3 40. f6+ Kg8 41. axb3 Qa5 42. Kf2 Qd5 43. Qd2 h6 44. Rc3 e3+ 45. Qxe3 Ra8 46. Rd3 Qh1 47. Qxh6 Ra2+ 48. Rd2 Rxd2+ 49. Qxd2 Qxh2+ 50. Ke3 Qg3+ 51. Ke2 Qxg4+ 52. Kd3 Qg3+ 53. Kc4 g5 54. b4 Kh7 55. Kb5 Qf4 56. Qd3+ Kh6 57. Qh3+ Kg6 58. Qd3+ Qf5 59. Qc3 g4 60. Kxb6 Qf2 61. Qd3+ Kg5 62. Kc5 g3 63. Qh7 g2 64. Qg7+ Kf4 65. Qh6+ Ke4 66. Qh7+ Ke3 67. Qxf7 Qc2+ 68. Kd6 g1Q 69. Qa7 Qg8 70. d5+ Ke4 71. f7 Qd8+ 0-1

[Event "St Petersburg Autumn op"]
[Site "St Petersburg"]
[Date "2005.10.30"]
[Round "2"]
[White "Znamensky, Vladimir"]
[Black "Vunder, Andrei"]
[Result "1-0"]
[WhiteElo "2353"]
[BlackElo "2252"]
[PlyCount "87"]
[EventDate "2005.10.29"]
[EventType "swiss"]
[EventRounds "9"]
[EventCountry "RUS"]
[SourceTitle "EXT 2006"]
[Source "ChessBase"]
[SourceDate "2005.11.24"]
[SourceVersion "1"]
[SourceVersionDate "2005.11.24"]
[SourceQuality "1"]

1. d4 d5 2. Nf3 c5 3. c3 Nf6 4. Bf4 Nc6 5. e3 Qb6 6. Qb3 c4 7. Qxb6 axb6 8. Be2 b5 9. 0-0 Bf5 10. a3 e6 11. Nbd2 Be7 12. Nh4 Bg6 13. Nxg6 hxg6 14. h3 0-0 15. Bf3 Nh5 16. Bh2 f5 17. Rae1 Nf6 18. Bd1 Nd7 19. Bc2 Nb6 20. f3 Bg5 21. Bd6 Rfe8 22. g3 Nc8 23. Bf4 Bxf4 24. exf4 Nb6 25. Rf2 Na4 26. Bxa4 bxa4 27. Rfe2 Kf7 28. Nf1 Re7 29. g4 Rh8 30. Kg2 Ree8 31. Ne3 Nd8 32. Kg3 b5 33. h4 Nb7 34. Nd1 Nd6 35. Nf2 Kf6 36. Re5 Kf7 37. Nh3 fxg4 38. Ng5+ Kg8 39. fxg4 Ne4+ 40. Nxe4 dxe4 41. R1xe4 Kf7 42. Rxb5 Rb8 43. Ree5 Rhc8 44. Rb4 1-0

[Event "St Petersburg Chigorin CC-ch"]
[Site "St Petersburg"]
[Date "2005.05.25"]
[Round "9"]
[White "Znamensky, Vladimir"]
[Black "Fedoseev, Sergey"]
[Result "0-1"]
[WhiteElo "2370"]
[BlackElo "2302"]
[PlyCount "90"]
[EventDate "2005.05.16"]
[EventType "swiss"]
[EventRounds "9"]
[EventCountry "RUS"]
[SourceTitle "EXT 2006"]
[Source "ChessBase"]
[SourceDate "2005.11.24"]
[SourceVersion "1"]
[SourceVersionDate "2005.11.24"]
[SourceQuality "1"]

1. d4 Nf6 2. Nf3 e6 3. Bf4 c5 4. e3 b6 5. Nbd2 Bb7 6. Bd3 Be7 7. h3 0-0 8. c3 d5 9. Qb1 c4 10. Bc2 b5 11. 0-0 Nbd7 12. Bh2 a5 13. Ne5 Ra6 14. f4 b4 15. g4 bxc3 16. bxc3 Rb6 17. Qd1 Ba3 18. g5 Nxe5 19. gxf6 Ng6 20. fxg7 Kxg7 21. Nf3 Bb2 22. Rb1 Bxc3 23. Rxb6 Qxb6 24. Ng5 h6 25. Nxf7 Rxf7 26. Bxg6 Kxg6 27. Qc2+ Kg7 28. Qxc3 Qb4 29. Qc2 Qa3 30. Kf2 Qd3 31. Qe2 Qxe2+ 32. Kxe2 Ba6 33. Rg1+ Kf6 34. f5 Rb7 35. Be5+ Kxf5 36. Rf1+ Kg5 37. Bf4+ Kh5 38. Kf3 Rb2 39. a3 c3 40. Rc1 c2 41. e4 Rb3+ 42. Kf2 dxe4 43. Bd6 e3+ 44. Kf3 e2+ 45. Kf2 Rd3 0-1

[Event "St Petersburg Chigorin CC-ch"]
[Site "St Petersburg"]
[Date "2005.05.24"]
[Round "8"]
[White "Lanin, Alexsej"]
[Black "Znamensky, Vladimir"]
[Result "1-0"]
[WhiteElo "2407"]
[BlackElo "2370"]
[PlyCount "77"]
[EventDate "2005.05.16"]
[EventType "swiss"]
[EventRounds "9"]
[EventCountry "RUS"]
[SourceTitle "EXT 2006"]
[Source "ChessBase"]
[SourceDate "2005.11.24"]
[SourceVersion "1"]
[SourceVersionDate "2005.11.24"]
[SourceQuality "1"]

1. e4 c6 2. d4 d5 3. e5 Bf5 4. Nc3 h5 5. Be2 h4 6. h3 e6 7. Nf3 Nd7 8. 0-0 a6 9. Bg5 Be7 10. Bxe7 Qxe7 11. Nb1 Qb4 12. b3 c5 13. c4 Ne7 14. a3 Qa5 15. dxc5 Qxc5 16. Nbd2 d4 17. b4 Qc7 18. Nxd4 Nxe5 19. Qa4+ Kf8 20. N2f3 Bd3 21. Nxe5 Bxe2 22. Nd7+ Kg8 23. Nxe2 b5 24. cxb5 Qxd7 25. Nc3 Qd3 26. Rac1 Rh5 27. bxa6 Rg5 28. Kh1 Ng6 29. b5 Ra7 30. Qd1 Qf5 31. Qf3 Nf4 32. b6 Rxa6 33. b7 Rb6 34. Rb1 Rxb7 35. Rxb7 Rxg2 36. Rb8+ Kh7 37. Qe4 Rg6 38. Qxf5 exf5 39. Rb4 1-0

[Event "St Petersburg Chigorin CC-ch"]
[Site "St Petersburg"]
[Date "2005.05.16"]
[Round "1"]
[White "Znamensky, Vladimir"]
[Black "Vorobiov, Dmitry"]
[Result "1-0"]
[WhiteElo "2370"]
[BlackElo "2099"]
[PlyCount "55"]
[EventDate "2005.05.16"]
[EventType "swiss"]
[EventRounds "9"]
[EventCountry "RUS"]
[SourceTitle "EXT 2006"]
[Source "ChessBase"]
[SourceDate "2005.11.24"]
[SourceVersion "1"]
[SourceVersionDate "2005.11.24"]
[SourceQuality "1"]

1. d4 Nf6 2. Nf3 c5 3. c3 d5 4. Bf4 Nc6 5. e3 e6 6. Nbd2 Be7 7. Bd3 0-0 8. Ne5 Qb6 9. Qb1 h6 10. h3 Nxe5 11. Bxe5 Bd7 12. a4 Bc6 13. 0-0 Nd7 14. Bh2 Bf6 15. b4 c4 16. Bh7+ Kh8 17. b5 g6 18. Bxg6 fxg6 19. Qxg6 Bg7 20. Qxe6 Rf6 21. Qg4 Bxb5 22. Rfb1 Qa5 23. axb5 Qxc3 24. Nxc4 Qxc4 25. Qxd7 Qe2 26. Bg3 Raf8 27. Rf1 Rg6 28. Qxd5 1-0

[Event "St Petersburg op"]
[Site "St Petersburg"]
[Date "2002.??.??"]
[Round "3"]
[White "Shaposhnikov, Evgeny"]
[Black "Znamensky, Vladimir"]
[Result "1/2-1/2"]
[WhiteElo "2523"]
[BlackElo "2294"]
[PlyCount "59"]
[EventDate "2002.??.??"]
[EventType "swiss"]
[EventRounds "9"]
[EventCountry "RUS"]
[SourceTitle "EXT 2006"]
[Source "ChessBase"]
[SourceDate "2005.11.24"]
[SourceVersion "1"]
[SourceVersionDate "2005.11.24"]
[SourceQuality "1"]

1. e4 c6 2. d4 d5 3. e5 Bf5 4. Be3 e6 5. Nd2 Ne7 6. c3 Nd7 7. f4 h5 8. Be2 Ng6 9. g3 Qb6 10. Qb3 Be7 11. h3 Bd8 12. Ngf3 f6 13. Kf2 Bc7 14. Rag1 0-0-0 15. Qxb6 axb6 16. Rh2 Ne7 17. g4 hxg4 18. hxg4 Rxh2+ 19. Nxh2 Bg6 20. Nhf3 Rh8 21. Nf1 Kd8 22. Ng3 Ke8 23. Kg2 b5 24. Nd2 Nb6 25. b3 Kf7 26. Rf1 Ra8 27. f5 exf5 28. gxf5 Bh7 29. Bh5+ Kg8 30. Kh3 1/2-1/2

[Event "St Petersburg op"]
[Site "St Petersburg"]
[Date "2002.??.??"]
[Round "2"]
[White "Znamensky, Vladimir"]
[Black "Golovchenko, Gleb"]
[Result "1-0"]
[WhiteElo "2294"]
[BlackElo "2308"]
[PlyCount "137"]
[EventDate "2002.??.??"]
[EventType "swiss"]
[EventRounds "9"]
[EventCountry "RUS"]
[SourceTitle "EXT 2006"]
[Source "ChessBase"]
[SourceDate "2005.11.24"]
[SourceVersion "1"]
[SourceVersionDate "2005.11.24"]
[SourceQuality "1"]

1. d4 Nf6 2. Nf3 e6 3. c3 b6 4. Bf4 Bb7 5. Nbd2 Be7 6. e3 d5 7. Bd3 Nbd7 8. Qb1 c5 9. h3 h6 10. 0-0 0-0 11. b4 c4 12. Bc2 b5 13. a4 a6 14. a5 Qc8 15. Ne5 Nxe5 16. Bxe5 Nd7 17. Nf3 Qc6 18. Qb2 Bd6 19. Bxd6 Qxd6 20. Rad1 f5 21. Qb1 Rf6 22. Nh2 Raf8 23. f4 Kf7 24. Nf3 Ke7 25. Rd2 Rg8 26. Ne5 Kd8 27. Kh1 Kc7 28. Qe1 Qe7 29. Nf3 Rff8 30. g3 Bc6 31. Rg2 Nb8 32. Rfg1 Be8 33. Ne5 Nd7 34. Kh2 Nxe5 35. dxe5 Bc6 36. Qd2 Kb8 37. Qd4 h5 38. Bd1 g5 39. fxg5 Rxg5 40. Rf2 Rfg8 41. h4 Rg4 42. Bxg4 hxg4 43. Rh1 Rh8 44. Kg2 Qa7 45. h5 Qxd4 46. exd4 Rh6 47. Kf1 Kc8 48. Ke2 Kd8 49. Ke3 Ke7 50. Rh4 Be8 51. Kf4 Kf7 52. Kg5 Kg7 53. Rfh2 Bf7 54. Rxg4 fxg4 55. Kxg4 Rh8 56. Kg5 Rg8 57. g4 Rh8 58. Rf2 Rg8 59. Rf6 Kf8+ 60. Kh4 Rh8 61. h6 Rg8 62. g5 Ke7 63. Kg4 Ke8 64. h7 Rh8 65. g6 Bxg6 66. Rxg6 Kf7 67. Rh6 Kg7 68. Kg5 Kf7 69. Rf6+ 1-0

[Event "St Petersburg op"]
[Site "St Petersburg"]
[Date "2002.??.??"]
[Round "4"]
[White "Znamensky, Vladimir"]
[Black "Turikov, Viktor"]
[Result "1/2-1/2"]
[WhiteElo "2294"]
[BlackElo "2351"]
[PlyCount "95"]
[EventDate "2002.??.??"]
[EventType "swiss"]
[EventRounds "9"]
[EventCountry "RUS"]
[SourceTitle "EXT 2006"]
[Source "ChessBase"]
[SourceDate "2005.11.24"]
[SourceVersion "1"]
[SourceVersionDate "2005.11.24"]
[SourceQuality "1"]

1. d4 b6 2. Bf4 Bb7 3. Nd2 e6 4. Ngf3 Nf6 5. e3 c5 6. c3 Nc6 7. Bd3 Be7 8. h3 0-0 9. 0-0 d5 10. Qb1 a5 11. Ne5 g6 12. Bh6 Re8 13. f4 Qc7 14. Rf2 Bf8 15. Bxf8 Rxf8 16. g4 Ne8 17. Ndf3 f6 18. Nxc6 Bxc6 19. g5 Nd6 20. Rg2 f5 21. Qf1 Qd7 22. Qf2 Bb5 23. Bc2 Qc7 24. h4 Be8 25. Kh2 Rc8 26. Bd3 b5 27. a3 Rb8 28. h5 c4 29. Bc2 gxh5 30. g6 hxg6 31. Rag1 Rf6 32. Qh4 Qg7 33. Rg5 Rb7 34. Rxh5 Qh7 35. Qxf6 Qxh5+ 36. Kg2 Ne4 37. Qxe6+ Kf8 38. Bxe4 dxe4 39. Qd6+ Kg8 40. Qd5+ Bf7 41. Qd8+ Kg7 42. Nh4 b4 43. axb4 axb4 44. Kh3 bxc3 45. bxc3 Rb2 46. Qe7 Kg8 47. Qd8+ Kg7 48. Qe7 1/2-1/2

[Event "St Petersburg op"]
[Site "St Petersburg"]
[Date "2002.??.??"]
[Round "8"]
[White "Znamensky, Vladimir"]
[Black "Vunder, Yakov"]
[Result "1-0"]
[WhiteElo "2294"]
[BlackElo "2171"]
[PlyCount "55"]
[EventDate "2002.??.??"]
[EventType "swiss"]
[EventRounds "9"]
[EventCountry "RUS"]
[SourceTitle "EXT 2006"]
[Source "ChessBase"]
[SourceDate "2005.11.24"]
[SourceVersion "1"]
[SourceVersionDate "2005.11.24"]
[SourceQuality "1"]

1. d4 e6 2. Nf3 Nf6 3. Bf4 c5 4. e3 Qb6 5. Qc1 Nc6 6. c3 cxd4 7. exd4 Be7 8. Nbd2 d6 9. Bd3 Bd7 10. 0-0 0-0 11. Re1 Rfc8 12. Qb1 h6 13. h3 Qd8 14. Nc4 Be8 15. Ne3 a6 16. Qd1 b5 17. Qe2 Na5 18. Rac1 Bc6 19. Nd2 Bf8 20. Bb1 Ra7 21. b4 Nb7 22. Qd3 g6 23. Ng4 Kh7 24. Rxe6 Bg7 25. Bxh6 Bd7 26. Bxg7 Nxg4 27. Rxg6 f5 28. Rxg4 1-0